| 000 | 00386nam a22001337a 4500 | ||
|---|---|---|---|
| 082 | _a951 LUL | ||
| 100 | _aLulu, Li | ||
| 245 |
_aContemporary chinese soceity: Basic systems and daily life _cLi Lulu |
||
| 260 |
_aBeijinjg : _bChina Renmin University, _c2018. |
||
| 300 |
_a241 p. ; _c23 cm. |
||
| 942 |
_2ddc _cBK |
||
| 999 |
_c586572 _d586572 |
||